000 00894nam a2200205Ia 4500
001 b6427-47095
003 IT-MiCISF
008 161014s9999||||xx |||||||||||||| ||und||
040 _aIT-MiCISF
_cIT-MiCISF
041 _ait
100 _aPerroni Marinella (a cura di)
245 0 _aNon contristate lo spirito
_bProspettive di genere e teologia: qualcosa è cambiato?
250 _a1a ed.
260 _a Negarine di S.Pietro in Cariano (VR)
_bIl Segno dei Gabrielli
_c2007
300 _app. 234
500 _aBartolomei M.C., Praturlon M., Brezzi F., Neri M., Colzani G., Valerio A., Mazzolini S., Tomassone L., Perroni M., Simonelli C., Morra S., Noceti S., Toschi N., Baldacci M. / donna, teologia, femminismo, differenza-sessuale, corpo, chiesa, religioni-non-cattoliche, esegesi, liturgia /
650 _a Identità e genere / donna
_e003
942 _cBK
957 _71
999 _a47095
_bsi
_g1
_c210616
_d210616